Infancia y adolescencia en la cultura del consumo /

Sostiene la autora de esta obra que hay que repensar el estudio del niño y el adolescente con nuevas categorías, que tengan en cuenta una sociedad radicalmente distintas a la de las décadas pasadas. En un contexto social donde el peso -y presencia- de la familia es cada menor y, en el cual, inversam...

Celý popis

Uloženo v:
Podrobná bibliografie
Hlavní autor: Rabello de Castro, Lucia (coord.)
Médium: Kniha
Jazyk:španělština
Vydáno: Buenos Aires, Argentina : Lumen-Humanitas, 2001, c2001
Edice:(Minoridad y Familia)
Témata:
Tagy: Přidat tag
Žádné tagy, Buďte první, kdo vytvoří štítek k tomuto záznamu!

MARC

LEADER 00000nam^a2200000^a^4500
001 000131021
005 20250521000000.0
009 20260310095009.17
020 |a 987-00-0144-0 
037 |a Acervo ITESO - Biblioteca 
041 |a ESP 
082 |a 155. 5  |b RAB 
100 |a Rabello de Castro, Lucia  |e (coord.) 
245 1 0 |a Infancia y adolescencia en la cultura del consumo /  |c Coord. de L. Rabello de Castro ; tr. por Matilde Luna. 
264 4 |a Buenos Aires, Argentina :  |b Lumen-Humanitas,  |c 2001, c2001 
300 |a 221 p. 
336 |a texto  |b txt  |2 rdacontenido 
337 |a sin mediación  |b n  |2 rdamedio 
338 |a volumen  |b nc  |2 rdasoporte 
440 1 |a (Minoridad y Familia) 
500 |a Traducción de: Infância e adolescência na cultura do consumo 
520 |a Sostiene la autora de esta obra que hay que repensar el estudio del niño y el adolescente con nuevas categorías, que tengan en cuenta una sociedad radicalmente distintas a la de las décadas pasadas. En un contexto social donde el peso -y presencia- de la familia es cada menor y, en el cual, inversamente se incrementa la cercanía con las nuevas tecnologías, niños y adolescentes están construyendo su identidad por nuevas vías. Y en ese proceso de definición personal la cultura del consumo comienza a ocupar un lugar preponderante. 
649 |a XX 
650 |a Niños -  |x Condiciones Psicológicas 
650 |a Adolescentes -  |x Condiciones Psicológicas 
650 |a Identidad Personal 
650 |a Consumo -  |x Aspectos Sociales y Culturales 
650 |a Consumo -  |x Aspectos Psicológicos 
650 |a Sociedad Industrial 
650 |a Modernidad y Posmodernidad 
650 |a Sociología 
650 |a Psicología Social 
910 |a Fondo General 
920 |a Impresos - Libros 
930 |a Colección General 
905 |a 101 
901 |a 0500060820  |b IT1  |c ACC  |u 20250521 
902 |a https://opac.biblio.iteso.mx/vufind/Record/000131021